00345 a2200145 4500003000500000005001700005040000900022082001500031100001100046245004000057260003300097300001200130505002700142650003000169NUST20230209142531.0 cNust a954.91,RAJ aRajput aDiary of principal events /cRajput aLondonbAddison Weselyc1935 a288 p.; aContents not Available aDiary of principal events